Statistics for Oasis - Don't Look Back in Anger Lyrics

Click here to take the quiz!

General Stats

  • This quiz has been taken 1,058 times
  • The average score is 242 of 284

Answer Stats

Answer% Correct
I
100%
a
99%
A
99%
don't
99%
Don't
99%
in
99%
you
99%
You
99%
'n'
98%
look
97%
to
97%
anger,
96%
anger
96%
back
96%
know
96%
the
96%
So
95%
so
95%
it
94%
say
94%
can
93%
Of
93%
of
93%
your
93%
heard
92%
it's
92%
late
92%
Sally
92%
She
92%
she
92%
too
92%
wait
92%
knows
91%
that
90%
away
89%
my
89%
My
89%
on
89%
place
88%
But
87%
by
87%
walking
87%
And
86%
from
86%
go
86%
as
85%
said
85%
all
84%
find
84%
mind
84%
never
84%
better
83%
eye
83%
inside
83%
out
83%
revolution
83%
start
83%
Take
83%
might
82%
bed
81%
face
81%
heart
81%
gonna
80%
play?
79%
fade
78%
head
78%
soul
78%
things
78%
Slip
77%
me
76%
where
75%
Where
75%
slowly
74%
ain't
73%
been
73%
fireplace
73%
had
73%
seen
73%
slides
73%
you've
73%
burn
72%
'Cause
72%
'cause
72%
went
72%
ever
71%
Her
71%
nobody
71%
rock
71%
roll
71%
Step
71%
we're
71%
band
70%
If
69%
outside
69%
outside,
69%
she's
69%
brains
68%
day
68%
life
68%
hands
67%
Stand
67%
beside
66%
I'm
66%
not
66%
please
66%
put
66%
bloom
65%
throw
65%
up
65%
summertime's
63%
you'd
63%
or
58%
today
58%
I'll
56%
night
56%
Will
53%
At
49%
least
48%
Who'll
40%

Score Distribution

Percentile by Number Answered

Percent of People with Each Score

Your Score History

You have not taken this quiz